[Event "Rasht Khazar op 13th"]
[Site "Rasht"]
[Date "2015.02.17"]
[Round "9"]
[White "Asgari, Morteza"]
[Black "Sheykhhasani, Bardia"]
[Result "1-0"]
[WhiteElo "2193"]
[BlackElo "2328"]
[PlyCount "151"]
[EventDate "2015.02.11"]
[EventType "swiss"]
[EventRounds "9"]
[EventCountry "IRI"]
[SourceTitle "EXT 2016"]
[Source "ChessBase"]
[SourceDate "2015.10.08"]
[SourceVersion "1"]
[SourceVersionDate "2015.10.08"]
[SourceQuality "1"]

1. e4 e6 2. d4 d5 3. Nc3 Bb4 4. e5 c5 5. a3 Bxc3+ 6. bxc3 Ne7 7. Qg4 0-0 8. Bd3 f5 9. exf6 Rxf6 10. Bg5 Rf7 11. Qh5 g6 12. Qd1 Qa5 13. Bd2 c4 14. Be2 Nbc6 15. Nf3 Nf5 16. 0-0 Nd6 17. Ng5 Rf6 18. Bf3 Bd7 19. Re1 Raf8 20. Bg4 Nd8 21. a4 h6 22. Nf3 h5 23. Ne5 Be8 24. Bf3 N6f7 25. Qe2 Nxe5 26. Qxe5 Nc6 27. Qe2 Bd7 28. Qd1 Rf5 29. Ra3 Qb6 30. Bh6 R8f6 31. Qd2 Kh7 32. Be3 Qc7 33. Be2 Qd6 34. Raa1 Rf8 35. h3 Ne7 36. Rf1 Ng8 37. g4 R5f7 38. Kg2 Nf6 39. f3 Bc6 40. Qe1 Rg8 41. Qh4 e5 42. Qg5 Re8 43. Rf2 Ng8 44. gxh5 Rf5 45. hxg6+ Qxg6 46. Qxg6+ Kxg6 47. a5 Nf6 48. Rg1 Nh5 49. Kf1+ Kh7 50. dxe5 Rfxe5 51. Bd4 Rf5 52. Rg4 Nf4 53. Bxa7 Nxe2 54. Rxe2 Rxf3+ 55. Rf2 Rxf2+ 56. Kxf2 Rg8 57. Rxg8 Kxg8 58. Ke3 Ba4 59. Kd4 Bxc2 60. Kc5 Bf5 61. Kb4 Kf7 62. Bd4 Ke6 63. Kc5 Kd7 64. h4 Be4 65. h5 Bf3 66. h6 Be4 67. Be5 Kc8 68. Kd6 Kb8 69. Bd4 Kc8 70. Bb6 Kb8 71. Kd7 Bd3 72. Ke6 Kc8 73. Kxd5 Kd7 74. Bc5 Bh7 75. Ke5 Kc6 76. Bb4 1-0

[Event "Rasht Khazar op 13th"]
[Site "Rasht"]
[Date "2015.02.14"]
[Round "5"]
[White "Ghaem Maghami, Ehsan"]
[Black "Sheykhhasani, Bardia"]
[Result "1-0"]
[WhiteElo "2554"]
[BlackElo "2328"]
[PlyCount "77"]
[EventDate "2015.02.11"]
[EventType "swiss"]
[EventRounds "9"]
[EventCountry "IRI"]
[SourceTitle "CBM 164 Extra"]
[Source "ChessBase"]
[SourceDate "2015.03.02"]
[SourceVersion "1"]
[SourceVersionDate "2015.03.02"]
[SourceQuality "1"]

1. Nf3 Nf6 2. c4 e6 3. g3 d5 4. Bg2 Be7 5. 0-0 0-0 6. d4 dxc4 7. Qc2 b5 8. a4 b4 9. Ne5 Qxd4 10. Nxc4 c6 11. Rd1 Qc5 12. Be3 Qh5 13. h3 Nd5 14. Nbd2 Bb7 15. Nb3 Na6 16. Nca5 Nxe3 17. fxe3 Bc8 18. Nxc6 Bg5 19. Kh2 Kh8 20. Qc4 Nc7 21. Qxb4 Ba6 22. Bf3 Qh6 23. Qa5 Bc4 24. Qxc7 Bxb3 25. Rd7 e5 26. Nxe5 Be6 27. Ng4 Bxg4 28. Bxg4 Bxe3 29. Rxf7 Bb6 30. Qe7 Rxf7 31. Qxf7 Qd6 32. Rf1 Bd4 33. b4 Bf6 34. b5 Qe5 35. Bf3 Rd8 36. Rd1 Re8 37. Qxa7 Bh4 38. Qf2 Bg5 39. Qd4 1-0

[Event "Tehran Alborz op 1st"]
[Site "Tehran"]
[Date "2014.03.07"]
[Round "2"]
[White "Bajarani, Ulvi"]
[Black "Sheykhhasani, Bardia"]
[Result "1-0"]
[WhiteElo "2492"]
[BlackElo "2041"]
[PlyCount "97"]
[EventDate "2014.03.06"]
[EventType "swiss"]
[EventRounds "11"]
[EventCountry "IRI"]
[SourceTitle "CBM 159 Extra"]
[Source "ChessBase"]
[SourceDate "2014.04.24"]
[SourceVersion "1"]
[SourceVersionDate "2014.04.24"]
[SourceQuality "1"]

1. e4 e6 2. d4 d5 3. Nd2 Nf6 4. e5 Nfd7 5. Bd3 c5 6. c3 Nc6 7. Ne2 cxd4 8. cxd4 f6 9. exf6 Nxf6 10. 0-0 Bd6 11. Nf3 0-0 12. Bf4 Bxf4 13. Nxf4 Ne4 14. Qc1 Ng5 15. Nxg5 Qxg5 16. Bxh7+ Kxh7 17. Nxe6 Qf5 18. Nxf8+ Qxf8 19. Re1 Bf5 20. Qg5 Rd8 21. Re3 Rd6 22. Rae1 Qf7 23. Rf3 Rf6 24. a3 Qg6 25. Qh4+ Qh6 26. Qxh6+ Kxh6 27. Rd1 a5 28. Rc3 Kg6 29. f3 Kf7 30. h4 Ke7 31. g4 Bd7 32. Kg2 Kd6 33. Kg3 Re6 34. b3 b5 35. h5 b4 36. axb4 axb4 37. Rcd3 Na5 38. Kf2 Rf6 39. Ra1 Bb5 40. Rdd1 Nxb3 41. Ra7 g5 42. Rb7 Kc6 43. Rg7 Kd6 44. Rxg5 Na5 45. Rg8 Rh6 46. Rh1 Bd3 47. g5 Re6 48. h6 Nc6 49. g6 1-0

[Event "Wch U14"]
[Site "Maribor"]
[Date "2012.11.18"]
[Round "11.34"]
[White "Skuhala, Luka"]
[Black "Sheykhhasani, Bardia"]
[Result "0-1"]
[WhiteElo "1852"]
[BlackElo "2027"]
[PlyCount "68"]
[EventDate "2012.11.08"]
[EventType "swiss"]
[EventRounds "11"]
[EventCountry "SLO"]
[SourceTitle "EXT 2013"]
[Source "ChessBase"]
[SourceDate "2012.11.22"]
[SourceVersion "1"]
[SourceVersionDate "2012.11.22"]
[SourceQuality "1"]

1. e4 e6 2. d4 d5 3. e5 c5 4. c3 Nc6 5. Nf3 Bd7 6. a3 f6 7. Bd3 Qc7 8. Bf4 cxd4 9. cxd4 Qb6 10. Qd2 f5 11. Be3 Na5 12. Qe2 Nb3 13. Ra2 Ne7 14. 0-0 Nc6 15. Bb5 a6 16. Bxc6 bxc6 17. Nbd2 Be7 18. Qd3 Nxd2 19. Nxd2 0-0 20. f4 c5 21. Rc1 Rfc8 22. Raa1 c4 23. Qc2 Rab8 24. Rab1 Qa5 25. Nf3 c3 26. bxc3 Ba4 27. Qd2 Bxa3 28. Rxb8 Rxb8 29. Qa2 Rb3 30. Ng5 Bb2 31. Rb1 Qxc3 32. Rxb2 Qxb2 33. Qxa4 Qb1+ 34. Kf2 Qc2+ 0-1

[Event "Wch U14"]
[Site "Maribor"]
[Date "2012.11.12"]
[Round "5.42"]
[White "Redman, David J"]
[Black "Sheykhhasani, Bardia"]
[Result "1/2-1/2"]
[WhiteElo "1831"]
[BlackElo "2027"]
[PlyCount "53"]
[EventDate "2012.11.08"]
[EventType "swiss"]
[EventRounds "11"]
[EventCountry "SLO"]
[SourceTitle "EXT 2013"]
[Source "ChessBase"]
[SourceDate "2012.11.22"]
[SourceVersion "1"]
[SourceVersionDate "2012.11.22"]
[SourceQuality "1"]

1. d4 e6 2. Nf3 Nf6 3. c4 b6 4. g3 Bb7 5. Bg2 Be7 6. Nc3 Ne4 7. Bd2 Nxd2 8. Qxd2 d6 9. 0-0 0-0 10. d5 e5 11. e4 a5 12. Qc2 Bc8 13. Nd2 Bf6 14. f4 Nd7 15. f5 Bg5 16. Rf3 Nc5 17. h4 Bf6 18. a4 Bd7 19. Kf2 Qe7 20. Rh1 h5 21. Kg1 g6 22. Re3 Kg7 23. Qd1 Rh8 24. fxg6 fxg6 25. Bh3 Bxh3 26. Rxh3 Raf8 27. Rh2 1/2-1/2

[Event "Wch U14"]
[Site "Maribor"]
[Date "2012.11.12"]
[Round "6.43"]
[White "Sheykhhasani, Bardia"]
[Black "Yang, Ching Wei Austin"]
[Result "1-0"]
[WhiteElo "2027"]
[BlackElo "1764"]
[PlyCount "77"]
[EventDate "2012.11.08"]
[EventType "swiss"]
[EventRounds "11"]
[EventCountry "SLO"]
[SourceTitle "EXT 2013"]
[Source "ChessBase"]
[SourceDate "2012.11.22"]
[SourceVersion "1"]
[SourceVersionDate "2012.11.22"]
[SourceQuality "1"]

1. e4 e5 2. Nf3 Nc6 3. Bc4 Nf6 4. Ng5 d5 5. exd5 Na5 6. Bb5+ c6 7. dxc6 bxc6 8. Bd3 h6 9. Ne4 Nd5 10. 0-0 Be6 11. Nbc3 Nf4 12. Be2 f5 13. Ng3 Bc5 14. d3 0-0 15. Bf3 g5 16. h3 Qc7 17. Na4 Bd6 18. Re1 Kh8 19. Bd2 Nb7 20. Bc3 Kh7 21. b4 Rae8 22. a3 Bd7 23. Nb2 c5 24. Nc4 cxb4 25. Nxd6 Qxd6 26. axb4 Bc6 27. Rxa7 g4 28. hxg4 fxg4 29. Be4+ Bxe4 30. dxe4 Qb6 31. Qd7+ Kg8 32. Rxb7 Nh3+ 33. Kh2 Qg6 34. gxh3 Rxf2+ 35. Kg1 Rf3 36. Qd5+ Re6 37. Bxe5 gxh3 38. Rg7+ Qxg7 39. Bxg7 1-0

[Event "Wch U14"]
[Site "Maribor"]
[Date "2012.11.08"]
[Round "1.62"]
[White "Edelman, Marko"]
[Black "Sheykhhasani, Bardia"]
[Result "0-1"]
[WhiteElo "1598"]
[BlackElo "2027"]
[PlyCount "50"]
[EventDate "2012.11.08"]
[EventType "swiss"]
[EventRounds "11"]
[EventCountry "SLO"]
[SourceTitle "EXT 2013"]
[Source "ChessBase"]
[SourceDate "2012.11.22"]
[SourceVersion "1"]
[SourceVersionDate "2012.11.22"]
[SourceQuality "1"]

1. d4 e6 2. c4 Nf6 3. Nf3 b6 4. Bg5 Bb7 5. e3 Be7 6. Nc3 Ne4 7. Nxe4 Bxe4 8. Bf4 0-0 9. Bd3 Bb4+ 10. Ke2 Bb7 11. Qc2 f5 12. c5 bxc5 13. a3 c4 14. Bxc4 Bd6 15. Bxd6 cxd6 16. Rhd1 Bxf3+ 17. Kxf3 Qh4 18. g3 Qh3 19. Rac1 g5 20. Rh1 f4 21. Ke2 fxe3 22. fxe3 Qg2+ 23. Kd3 Rf2 24. Qc3 d5 25. Bb5 Qe4# 0-1

[Event "World School-ch U13 6th"]
[Site "Kayseri"]
[Date "2010.07.26"]
[Round "6"]
[White "Sheykhhasani, Bardia"]
[Black "Cuhendi, Sean Winshand"]
[Result "0-1"]
[WhiteElo "1899"]
[BlackElo "1722"]
[PlyCount "68"]
[EventDate "2010.07.21"]
[EventType "swiss"]
[EventRounds "9"]
[EventCountry "TUR"]
[SourceTitle "CBM 137 Extra"]
[Source "ChessBase"]
[SourceDate "2010.09.01"]
[SourceVersion "1"]
[SourceVersionDate "2010.09.01"]
[SourceQuality "1"]

1. d4 d5 2. Nc3 Nc6 3. Nf3 Bg4 4. Bf4 e6 5. e3 Bd6 6. Bg3 Nge7 7. Be2 f6 8. Qd2 h5 9. 0-0-0 Bb4 10. h3 Bf5 11. Nh4 Qd7 12. a3 Ba5 13. Nxf5 Nxf5 14. Bh2 Nd6 15. f3 a6 16. Rhe1 Nb5 17. Bxb5 axb5 18. b4 Nxb4 19. axb4 Bxb4 20. e4 Ra3 21. Re3 Qc6 22. Kb2 Qc4 23. exd5 Bxc3+ 24. Qxc3 Qa2+ 25. Kc1 Rxc3 26. Rxc3 Qxd5 27. Rxc7 0-0 28. Rc5 Qa2 29. Rxb5 Rc8 30. Rd2 Qa6 31. Rb1 Rc6 32. h4 Qf1+ 33. Rd1 Qxg2 34. Rd2 Qh1+ 0-1

[Event "Wch U12"]
[Site "Kemer"]
[Date "2009.11.18"]
[Round "7"]
[White "Lamard, Guillaume"]
[Black "Sheykhhasani, Bardia"]
[Result "1-0"]
[WhiteElo "2138"]
[BlackElo "1894"]
[PlyCount "71"]
[EventDate "2009.11.12"]
[EventType "swiss"]
[EventRounds "11"]
[EventCountry "TUR"]
[SourceTitle "EXT 2010"]
[Source "ChessBase"]
[SourceDate "2010.11.25"]
[SourceVersion "1"]
[SourceVersionDate "2010.11.25"]
[SourceQuality "1"]

1. d4 Nf6 2. c4 e6 3. g3 Bb4+ 4. Bd2 a5 5. Bg2 0-0 6. Nf3 b6 7. Ne5 Ra7 8. 0-0 Bb7 9. Bxb7 Rxb7 10. a3 Be7 11. Nc3 d6 12. Nf3 Nbd7 13. e4 e5 14. Qe2 c6 15. Rad1 Qc8 16. Kg2 Rd8 17. h3 Re8 18. d5 Nf8 19. Be3 Ng6 20. Ne1 h6 21. Nd3 cxd5 22. cxd5 Qc4 23. f3 Rc8 24. Rc1 Qa6 25. Nf2 Qxe2 26. Nxe2 Rxc1 27. Rxc1 Nd7 28. Rc8+ Kh7 29. Nc3 h5 30. Nb5 Nb8 31. Nd3 f6 32. b4 Nf8 33. bxa5 bxa5 34. a4 Kg6 35. Nb2 Nfd7 36. Nc4 1-0

[Event "Wch U12"]
[Site "Kemer"]
[Date "2009.11.13"]
[Round "2"]
[White "Krishnan, Varun"]
[Black "Sheykhhasani, Bardia"]
[Result "1-0"]
[WhiteElo "2042"]
[BlackElo "1894"]
[PlyCount "73"]
[EventDate "2009.11.12"]
[EventType "swiss"]
[EventRounds "11"]
[EventCountry "TUR"]
[SourceTitle "EXT 2010"]
[Source "ChessBase"]
[SourceDate "2010.11.25"]
[SourceVersion "1"]
[SourceVersionDate "2010.11.25"]
[SourceQuality "1"]

1. e4 c5 2. Nf3 Nc6 3. d4 cxd4 4. Nxd4 Nf6 5. Nc3 e6 6. Ndb5 d6 7. Bf4 e5 8. Bg5 a6 9. Na3 b5 10. Bxf6 gxf6 11. Nd5 Bg7 12. c3 0-0 13. Bd3 Ne7 14. Nxe7+ Qxe7 15. 0-0 f5 16. Nc2 f4 17. a4 bxa4 18. Rxa4 Bb7 19. Qh5 Kh8 20. Nb4 f5 21. Re1 Rf6 22. Nd5 Bxd5 23. exd5 e4 24. Rxa6 Rb8 25. b4 Qe5 26. Rc6 Rh6 27. Qf7 Rf8 28. Qa7 Qxd5 29. Rc7 Ra8 30. Bc4 Rxa7 31. Rc8+ Bf8 32. Bxd5 Kg7 33. b5 Ra5 34. c4 Be7 35. b6 Bh4 36. b7 Bxf2+ 37. Kxf2 1-0

[Event "Wch U10"]
[Site "Vung Tau"]
[Date "2008.10.28"]
[Round "9"]
[White "Sheykhhasani, Bardia"]
[Black "Sannidhanam, Anurag"]
[Result "1-0"]
[WhiteElo "1898"]
[BlackElo "1751"]
[PlyCount "115"]
[EventDate "2008.10.20"]
[EventType "swiss"]
[EventRounds "11"]
[EventCountry "VIE"]
[SourceTitle "EXT 2009"]
[Source "ChessBase"]
[SourceDate "2008.11.26"]
[SourceVersion "1"]
[SourceVersionDate "2008.11.26"]
[SourceQuality "1"]

1. d4 g6 2. e4 Bg7 3. Nc3 d6 4. Bg5 c6 5. f4 Qb6 6. Nge2 Bg4 7. Rb1 Nd7 8. h3 Bxe2 9. Nxe2 h6 10. Bh4 e5 11. Bf2 Qa5+ 12. Nc3 exf4 13. Bc4 Ne7 14. 0-0 0-0 15. Qf3 Qb4 16. Qd3 b5 17. Bb3 Kh8 18. a3 Qa5 19. Be1 Qb6 20. Bf2 a6 21. Ne2 Rad8 22. Nxf4 c5 23. dxc5 dxc5 24. Bd5 g5 25. Nh5 Nxd5 26. exd5 Ne5 27. Qc3 Rxd5 28. Nxg7 Kxg7 29. Rbe1 f6 30. b4 Nd7 31. Re7+ Rf7 32. Rxf7+ Kxf7 33. bxc5 Nxc5 34. Qf3 Qd6 35. Bg3 Qd8 36. Bc7 Qe7 37. Qxd5+ Ne6 38. Bd6 Qa7+ 39. Kh1 Qd4 40. Qxd4 Nxd4 41. Be5 Nc6 42. Rxf6+ Ke7 43. Rxc6 a5 44. Rc5 b4 45. Rxa5 bxa3 46. Rxa3 Ke6 47. Bg7 h5 48. c4 Kd6 49. Rc3 Kc6 50. c5 Kc7 51. c6 g4 52. Be5+ Kc8 53. c7 gxh3 54. Rb3 hxg2+ 55. Kxg2 h4 56. Rb8+ Kd7 57. c8Q+ Ke7 58. Rb7# 1-0